00284 a2200121 4500001000700000040003500007100002100042240003300063245002800096300000700124362000900131440002200140149794 cEscola São Tomás de Aquino aTARDELLI, Camila10aMoiara, filha da terra lpor10aMoiara, filha da terra  a450 a2015 1aEditora do Brasil